000 00918nam a2200277 u 4500
001 000020397
003 DO-SdBNP
005 20170906084722.0
007 000020397
008 100806s2010 sp r 000 0 spa d
020 _a9788449430633
040 _aBPMSU
_bspa
_cBPMSU
082 4 _aR 036.1
_bN964o
245 0 0 _aNuevo océano uno :
_bdiccionario enciclopédico color con CD-ROM /
_cdirección Carlos de Gispert ; coordinación Juan Pérez
260 0 _aBarcelona :
_bOcéano,
_c2010
300 _a1784 p. :
_bil. ;
_c23 cm.
_e+ CD-ROM
650 4 _aENCICLOPÉDIAS Y DICCIONARIOS ESPAÑOLES
650 4 _aDICCIONARIOS ILUSTRADOS ESPAÑOLES
650 4 _aESPAÑOL
_vDICCIONARIOS
650 4 _aENCICLOPÉDIAS Y DICCIONARIOS ESPAÑOLES
700 1 2 _aGispert, Carlos
_eed.
700 1 2 _aPérez, Juan
942 _2ddc
_cBK
945 _aInventariado /2017 VM
956 _aVMATEO
_b10
_c20150923
_lBPMSU
_h00151
999 _c8285
_d8285